000
00305nam a2200097 a 4500
005
20200929151549.0
008
090729s2002 000 spa d
245
0
_a
Catedra de penal : apuntes para una aproximación al derecho penal general en la Rep. Dom.
260
_a
Santo Domingo,
_c
2002.
999
_c
4838
_d
4838
040
_a
DO-SdBNP